[Event "Arco op 43rd"]
[Site "Arco"]
[Date "2021.10.14"]
[Round "6"]
[White "Valenti, Giuseppe"]
[Black "Zanin, Luca"]
[Result "0-1"]
[WhiteElo "1885"]
[BlackElo "1653"]
[PlyCount "34"]
[EventDate "2021.10.09"]
[EventType "swiss"]
[EventRounds "9"]
[EventCountry "ITA"]
[SourceTitle "CBM 204 Extra"]
[Source "ChessBase"]
[SourceDate "2021.11.30"]
[SourceVersion "1"]
[SourceVersionDate "2021.11.30"]
[SourceQuality "1"]

1. e4 c5 2. Nf3 g6 3. d4 cxd4 4. Nxd4 Bg7 5. Nc3 Nc6 6. Be3 Nf6 7. Bc4 0-0 8. Bb3 a5 9. a4 Ng4 10. Qxg4 Nxd4 11. Qd1 Nxb3 12. cxb3 d6 13. Nd5 Ra6 14. h4 h5 15. Qd2 Be6 16. Nc3 Qd7 17. 0-0 Rc8 0-1

[Event "Arco op 43rd"]
[Site "Arco"]
[Date "2021.10.10"]
[Round "2"]
[White "Valenti, Giuseppe"]
[Black "Leutwyler, Martin"]
[Result "0-1"]
[WhiteElo "1885"]
[BlackElo "2098"]
[PlyCount "62"]
[EventDate "2021.10.09"]
[EventType "swiss"]
[EventRounds "9"]
[EventCountry "ITA"]
[SourceTitle "CBM 204 Extra"]
[Source "ChessBase"]
[SourceDate "2021.11.30"]
[SourceVersion "1"]
[SourceVersionDate "2021.11.30"]
[SourceQuality "1"]

1. e4 Nf6 2. e5 Nd5 3. Nf3 d6 4. Bc4 Nb6 5. Bb3 c5 6. d3 Nc6 7. exd6 e6 8. 0-0 Bxd6 9. Nc3 0-0 10. a4 Be7 11. a5 Nd5 12. Bd2 Ndb4 13. Qe1 Nxa5 14. Ba4 b6 15. Qe4 Bb7 16. Qg4 f5 17. Qh5 g6 18. Qh6 Bxf3 19. gxf3 Nac6 20. Rfe1 Nd4 21. Rxe6 Nxe6 22. Bb3 Kh8 23. Bxe6 Nxc2 24. Ne2 Rf6 25. Bc3 Bf8 26. Qg5 Bg7 27. Rd1 Rxe6 28. Qxd8+ Rxd8 29. Nf4 Re7 30. Rd2 Ne1 31. Kf1 Nxf3 0-1

[Event "Imperia op-A 36th"]
[Site "Imperia"]
[Date "2021.09.07"]
[Round "5.18"]
[White "Katzameyer, Michael"]
[Black "Valenti, Giuseppe"]
[Result "0-1"]
[WhiteElo "2000"]
[BlackElo "2218"]
[PlyCount "58"]
[EventDate "1994.09.03"]
[EventType "swiss"]
[EventRounds "9"]
[EventCountry "ITA"]
[SourceTitle "EXT 2024"]
[Source "ChessBase"]
[SourceDate "2023.10.10"]
[SourceVersion "1"]
[SourceVersionDate "2023.10.10"]
[SourceQuality "1"]

1. e4 c5 2. b3 Nc6 3. Bb2 e6 4. Nf3 Nf6 5. e5 Nd5 6. Bb5 Qb6 7. Bxc6 Qxc6 8. d3 Be7 9. 0-0 0-0 10. Nc3 b6 11. Nxd5 Qxd5 12. Nd2 f5 13. f4 Bb7 14. Qe2 g5 15. fxg5 Bxg5 16. Nc4 Rf7 17. Nd6 Rg7 18. Nxb7 Be3+ 19. Kh1 Qxb7 20. Rf3 Bg5 21. Bc1 Rf8 22. Bxg5 Rxg5 23. Rf4 Rf7 24. Raf1 Rfg7 25. R1f2 Qc6 26. Qf3 Qc7 27. Re2 h6 28. Qe3 Qc6 29. a4 Rxg2 0-1

[Event "Wch Seniors 65 29th"]
[Site "Bucharest"]
[Date "2019.11.21"]
[Round "9"]
[White "Valenti, Giuseppe"]
[Black "Ingham, H William"]
[Result "0-1"]
[WhiteElo "1982"]
[BlackElo "1822"]
[PlyCount "104"]
[EventDate "2019.11.12"]
[EventType "swiss"]
[EventRounds "11"]
[EventCountry "ROU"]
[SourceTitle "CBM 193 Extra"]
[Source "ChessBase"]
[SourceDate "2020.01.31"]
[SourceVersion "1"]
[SourceVersionDate "2020.01.31"]
[SourceQuality "1"]

1. e4 d6 2. d4 Nf6 3. Nc3 c6 4. f4 Qa5 5. Bd2 e5 6. Nd5 Qd8 7. Nxf6+ Qxf6 8. dxe5 dxe5 9. Nf3 exf4 10. e5 Qg6 11. Bxf4 Qe4+ 12. Be2 Qxf4 13. 0-0 Bc5+ 14. Kh1 0-0 15. c3 Be6 16. b4 Bb6 17. g3 Qh6 18. Nd4 Bd5+ 19. Bf3 Bxf3+ 20. Rxf3 Bxd4 21. Qxd4 Qe6 22. Raf1 Nd7 23. c4 Nxe5 24. Rf4 c5 25. bxc5 Rad8 26. Qc3 Qc6+ 27. Kg1 Qxc5+ 28. Kg2 Ng6 29. Rf5 Qc6+ 30. Kg1 Qe4 31. Qb4 Qe3+ 32. Kh1 Rd2 33. Qxb7 Qe7 34. Qf3 Qe2 35. Qxe2 Rxe2 36. Ra5 Re7 37. c5 Rd8 38. Rf2 Rd5 39. Rb5 f6 40. a4 Ne5 41. Re2 Rc7 42. Rc2 Nf3 43. Rc3 Nd4 44. Rb8+ Kf7 45. Kg2 a5 46. Rd3 Rcxc5 47. h4 h5 48. Rb2 Nf5 49. Rf3 Rc4 50. Ra3 Rdd4 51. Rba2 Nd6 52. Kf3 Ne4 0-1

[Event "Wch Seniors 65 29th"]
[Site "Bucharest"]
[Date "2019.11.18"]
[Round "6"]
[White "Juncu, Nicolae"]
[Black "Valenti, Giuseppe"]
[Result "1/2-1/2"]
[WhiteElo "1857"]
[BlackElo "1982"]
[PlyCount "191"]
[EventDate "2019.11.12"]
[EventType "swiss"]
[EventRounds "11"]
[EventCountry "ROU"]
[SourceTitle "CBM 193 Extra"]
[Source "ChessBase"]
[SourceDate "2020.01.31"]
[SourceVersion "1"]
[SourceVersionDate "2020.01.31"]
[SourceQuality "1"]

1. d4 e6 2. c3 c5 3. Nf3 b6 4. Bf4 Bb7 5. e3 Nf6 6. h3 Be7 7. Nbd2 0-0 8. Be2 cxd4 9. exd4 d6 10. 0-0 Nbd7 11. Re1 Qc7 12. a4 a6 13. Bf1 Rfe8 14. Bh2 Nf8 15. Bd3 Ng6 16. Ne4 Nh5 17. Neg5 Nf6 18. Ne4 Nf8 19. Nxf6+ Bxf6 20. Be4 Rad8 21. Bxb7 Qxb7 22. Qb3 Ng6 23. Bg3 e5 24. a5 b5 25. c4 e4 26. Nd2 Bxd4 27. cxb5 h5 28. h4 axb5 29. a6 Qb6 30. Nxe4 d5 31. Ng5 Rxe1+ 32. Rxe1 Qxa6 33. Qf3 Qf6 34. Qxh5 Nf8 35. b3 g6 36. Qg4 Bc3 37. Rd1 b4 38. Rd3 Rd7 39. Rf3 Qd4 40. Rf4 Qd2 41. Kh2 f5 42. Qh3 Ra7 43. Rf3 Ra1 44. Bd6 Qc1 45. Rd3 Qh1+ 46. Kg3 Qxh3+ 47. Kxh3 d4 48. Bxf8 Kxf8 49. Ne6+ Kf7 50. Nxd4 Rh1+ 51. Kg3 Rb1 52. Kf4 Rb2 53. h5 Rxf2+ 54. Kg3 Rf1 55. hxg6+ Kxg6 56. Nf3 Rb1 57. Kf4 Rxb3 58. g4 fxg4 59. Kxg4 Rb1 60. Rd6+ Kf7 61. Rb6 Ke7 62. Kf5 b3 63. Ke4 b2 64. Kd3 Bf6 65. Nd2 Rc1 66. Rb7+ Ke6 67. Rb6+ Kf5 68. Rb5+ Be5 69. Ke3 Rc3+ 70. Ke2 Rh3 71. Kd1 Rh1+ 72. Kc2 Rc1+ 73. Kd3 Ke6 74. Ke4 Re1+ 75. Kd3 Rc1 76. Ke4 Bf6 77. Rb6+ Kf7 78. Kd3 Bc3 79. Nb1 Bf6 80. Nd2 Rc3+ 81. Ke2 Ra3 82. Kd1 Ra1+ 83. Kc2 Rh1 84. Rb7+ Kg6 85. Rb6 Kf5 86. Rb5+ Kf4 87. Rb6 Bd4 88. Rb4 Ke3 89. Nc4+ Ke4 90. Nxb2 Rh2+ 91. Kb1 Ke3 92. Rb7 Ke4 93. Re7+ Kd5 94. Rb7 Kc5 95. Rb8 Rg2 96. Rc8+ 1/2-1/2

[Event "Wch Seniors 65 29th"]
[Site "Bucharest"]
[Date "2019.11.14"]
[Round "3"]
[White "Valenti, Giuseppe"]
[Black "Gunnarsson, Lennart"]
[Result "0-1"]
[WhiteElo "1982"]
[BlackElo "1786"]
[PlyCount "98"]
[EventDate "2019.11.12"]
[EventType "swiss"]
[EventRounds "11"]
[EventCountry "ROU"]
[SourceTitle "CBM 193 Extra"]
[Source "ChessBase"]
[SourceDate "2020.01.31"]
[SourceVersion "1"]
[SourceVersionDate "2020.01.31"]
[SourceQuality "1"]

1. e4 e6 2. d4 d5 3. Nc3 Nf6 4. e5 Nfd7 5. f4 c5 6. Nf3 Nc6 7. Be3 cxd4 8. Nxd4 Bc5 9. Qd2 Nxd4 10. Bxd4 Bxd4 11. Qxd4 a6 12. 0-0-0 Qb6 13. Qd2 Nc5 14. f5 Bd7 15. Qg5 Rg8 16. Kb1 Na4 17. Nxa4 Bxa4 18. Qh4 Bc6 19. fxe6 fxe6 20. Qh5+ g6 21. Qh4 Qc7 22. Bd3 Qe7 23. Qd4 0-0-0 24. Qa7 Qc7 25. Rhf1 Rgf8 26. Rfe1 Rf7 27. Be2 Qb8 28. Qc5 Qc7 29. Bg4 Bd7 30. Qe3 Kb8 31. Rd3 Rc8 32. Rb3 Qxc2+ 33. Ka1 Qf2 34. a3 Qxe3 35. Rexe3 Ka7 36. Rf3 Rcf8 37. Rfc3 Rc8 38. Rf3 Rcf8 39. Rb4 Rxf3 40. Bxf3 Rf5 41. Bg4 Rxe5 42. h3 Re4 43. Rb3 Bb5 44. Rc3 Be2 45. Bf3 Bxf3 46. Rxf3 d4 47. Kb1 e5 48. Rf7 Re2 49. g4 d3 0-1

[Event "Arco Christmas op 9th"]
[Site "Arco"]
[Date "2018.12.30"]
[Round "7"]
[White "Tonina, Filippo"]
[Black "Valenti, Giuseppe"]
[Result "1-0"]
[WhiteElo "2040"]
[BlackElo "2003"]
[PlyCount "27"]
[EventDate "2018.12.26"]
[EventType "swiss"]
[EventRounds "7"]
[EventCountry "ITA"]
[SourceTitle "CBM 188 Extra"]
[Source "ChessBase"]
[SourceDate "2019.02.26"]
[SourceVersion "1"]
[SourceVersionDate "2019.02.26"]
[SourceQuality "1"]

1. e4 d6 2. d4 g6 3. Nc3 Nd7 4. Be3 Bg7 5. Be2 c6 6. a4 e5 7. Nf3 Ngf6 8. 0-0 b6 9. dxe5 dxe5 10. Qd6 Bb7 11. Bc4 Bf8 12. Qd2 h6 13. Rad1 Ng4 14. Bxf7+ 1-0

[Event "Wch Seniors 65 28th"]
[Site "Bled"]
[Date "2018.11.27"]
[Round "9"]
[White "Vikulov, Alexander Sergeevic"]
[Black "Valenti, Giuseppe"]
[Result "0-1"]
[WhiteElo "2127"]
[BlackElo "2003"]
[PlyCount "94"]
[EventDate "2018.11.18"]
[EventType "swiss"]
[EventRounds "11"]
[EventCountry "SLO"]
[SourceTitle "CBM 187 Extra"]
[Source "ChessBase"]
[SourceDate "2018.11.04"]
[SourceVersion "1"]
[SourceVersionDate "2018.11.04"]
[SourceQuality "1"]

1. Nf3 b6 2. g3 Bb7 3. Bg2 g6 4. d4 Bg7 5. 0-0 d6 6. c4 e6 7. Nc3 Ne7 8. e4 Nd7 9. Be3 h6 10. h3 0-0 11. Re1 a6 12. Rc1 Nf6 13. Nh2 c6 14. Qe2 b5 15. e5 dxe5 16. dxe5 Nd7 17. f4 bxc4 18. Ne4 Nf5 19. Bf2 Qc7 20. Rxc4 Nb6 21. Rcc1 Rfd8 22. Nc5 Nd5 23. Qc4 Rab8 24. b3 Bc8 25. Nd3 Bf8 26. g4 Nfe7 27. Red1 a5 28. Qe4 g5 29. fxg5 hxg5 30. Nf3 Bh6 31. Bc5 Ba6 32. Kh1 Bxd3 33. Rxd3 Nf4 34. Rxd8+ Qxd8 35. Bd6 Rc8 36. Bf1 Ned5 37. Nd4 Qd7 38. Kh2 c5 39. Rxc5 Rxc5 40. Bxc5 Qc7 41. Ba3 Qc3 42. Nc2 Bg7 43. Bc1 Bxe5 44. Bxf4 Nxf4 45. Kg1 Qg3+ 46. Bg2 Nxh3+ 47. Kh1 Qh2# 0-1

[Event "Wch Seniors 65 28th"]
[Site "Bled"]
[Date "2018.11.21"]
[Round "4"]
[White "Valenti, Giuseppe"]
[Black "Rovira Mas, Jorge"]
[Result "0-1"]
[WhiteElo "2003"]
[BlackElo "2290"]
[PlyCount "88"]
[EventDate "2018.11.18"]
[EventType "swiss"]
[EventRounds "11"]
[EventCountry "SLO"]
[SourceTitle "CBM 187 Extra"]
[Source "ChessBase"]
[SourceDate "2018.11.04"]
[SourceVersion "1"]
[SourceVersionDate "2018.11.04"]
[SourceQuality "1"]

1. e4 c6 2. Nf3 d6 3. d4 Bg4 4. Be2 Nd7 5. Nc3 e5 6. Be3 Be7 7. Qd2 Ngf6 8. Nh4 Bxe2 9. Qxe2 Qa5 10. 0-0-0 g6 11. g4 b5 12. g5 b4 13. gxf6 Bxf6 14. Nb1 Bxh4 15. dxe5 Nxe5 16. f4 Nd7 17. Rxd6 Be7 18. Rxc6 0-0 19. Qc4 Nb6 20. Bxb6 axb6 21. c3 Qxa2 22. cxb4 Qxc4+ 23. Rxc4 Ra4 24. Nc3 Rxb4 25. Rc6 Rd8 26. Kc2 Bc5 27. Nd5 Rc4+ 28. Kb3 Rd4 29. Kc3 Kg7 30. b4 Rxe4 31. bxc5 Rxd5 32. cxb6 Rb5 33. Rf1 Reb4 34. f5 g5 35. Rg1 h6 36. Rc4 Rxc4+ 37. Kxc4 Rxb6 38. h4 Kf6 39. hxg5+ hxg5 40. Rf1 Rd6 41. Kc5 Rd2 42. Kc4 g4 43. Kc3 Rd5 44. Kc4 Rxf5 0-1

[Event "Arco op 40th"]
[Site "Arco"]
[Date "2018.10.20"]
[Round "8"]
[White "Valenti, Giuseppe"]
[Black "Goerg, Joachim"]
[Result "0-1"]
[WhiteElo "1992"]
[BlackElo "2154"]
[PlyCount "74"]
[EventDate "2018.10.13"]
[EventType "swiss"]
[EventRounds "9"]
[EventCountry "ITA"]
[SourceTitle "CBM 186 Extra"]
[Source "ChessBase"]
[SourceDate "2018.08.24"]
[SourceVersion "1"]
[SourceVersionDate "2018.08.24"]
[SourceQuality "1"]

1. e4 c5 2. Nf3 Nc6 3. Bb5 g6 4. Bxc6 bxc6 5. e5 Bg7 6. 0-0 Nh6 7. d3 0-0 8. Nbd2 f6 9. exf6 exf6 10. Ne4 d6 11. Bf4 Nf7 12. Rb1 f5 13. Neg5 h6 14. Nxf7 Rxf7 15. h4 Be6 16. b3 Bd5 17. c4 Bxf3 18. Qxf3 d5 19. Qg3 Kh7 20. Rfe1 Qd7 21. Qe3 Bf6 22. Bxh6 Re7 23. Qf4 Rae8 24. Rxe7+ Qxe7 25. g3 Qe2 26. Rf1 Be5 27. Qg5 Bd4 28. Qf4 Qxd3 29. Bg5 Be5 30. Qc1 Bxg3 31. cxd5 Bd6 32. Bf4 Bxf4 33. Qxf4 Re4 34. Qc7+ Kh6 35. Qd8 Qd4 36. Qf8+ Kh5 37. Rc1 Rg4+ 0-1

[Event "Arco op 40th"]
[Site "Arco"]
[Date "2018.10.18"]
[Round "6"]
[White "Valenti, Giuseppe"]
[Black "Bisignano, Giuseppe"]
[Result "1-0"]
[WhiteElo "1992"]
[BlackElo "1769"]
[PlyCount "73"]
[EventDate "2018.10.13"]
[EventType "swiss"]
[EventRounds "9"]
[EventCountry "ITA"]
[SourceTitle "CBM 186 Extra"]
[Source "ChessBase"]
[SourceDate "2018.08.24"]
[SourceVersion "1"]
[SourceVersionDate "2018.08.24"]
[SourceQuality "1"]

1. e4 e5 2. Nf3 Nc6 3. Bb5 a6 4. Ba4 Nf6 5. d3 d6 6. c3 b5 7. Bc2 Be7 8. 0-0 0-0 9. Nbd2 Bg4 10. h3 Bh5 11. Re1 Qd7 12. Nf1 Nd8 13. Ng3 Bg6 14. Nh4 Re8 15. Nhf5 Bxf5 16. Nxf5 Bf8 17. Qf3 Ne6 18. g4 Kh8 19. a4 Ng8 20. Ng3 c5 21. Bb3 g6 22. Bd5 Rac8 23. axb5 axb5 24. h4 Bg7 25. h5 Rf8 26. g5 h6 27. hxg6 fxg6 28. Qg4 Qf7 29. f4 Rce8 30. f5 h5 31. Qh4 gxf5 32. exf5 Nd4 33. Qe4 Qd7 34. cxd4 cxd4 35. Be6 Qc7 36. Bd2 h4 37. Nh5 1-0

[Event "Imperia op-A 50th"]
[Site "Imperia"]
[Date "2018.09.09"]
[Round "9.12"]
[White "Lagrotteria, Salvatore"]
[Black "Valenti, Giuseppe"]
[Result "1/2-1/2"]
[WhiteElo "2148"]
[BlackElo "2036"]
[PlyCount "138"]
[EventDate "2018.09.02"]
[EventType "swiss"]
[EventRounds "9"]
[EventCountry "ITA"]
[SourceTitle "EXT 2024"]
[Source "ChessBase"]
[SourceDate "2023.10.10"]
[SourceVersion "1"]
[SourceVersionDate "2023.10.10"]
[SourceQuality "1"]

1. Nf3 d6 2. g3 g6 3. Bg2 Bg7 4. d4 Nd7 5. e4 e5 6. c3 Ngf6 7. Nbd2 0-0 8. 0-0 Re8 9. Re1 a5 10. a4 b6 11. Qc2 Ba6 12. Bf1 Bb7 13. dxe5 dxe5 14. b3 Bf8 15. Nc4 Bc5 16. Bg5 h6 17. Bxh6 Ng4 18. Bg5 Ndf6 19. Rad1 Qe7 20. Rd2 Rad8 21. Rxd8 Rxd8 22. Re2 Re8 23. h3 Nxf2 24. Rxf2 Bxe4 25. Qe2 Bxf2+ 26. Qxf2 Qe6 27. Nfd2 Nh7 28. Nxe4 f5 29. Ncd2 Kg7 30. Bc4 Qd7 31. Kh2 fxe4 32. Nxe4 Rf8 33. Qe3 Kh8 34. h4 Qf5 35. Bh6 Rd8 36. Be2 Re8 37. g4 Qe6 38. c4 Nf6 39. Nxf6 Qxf6 40. Bg5 Qd6 41. Qe4 Rf8 42. Kg3 Qc5 43. Be3 Qd6 44. Bd3 Kg7 45. h5 gxh5 46. Qh7+ Kf6 47. gxh5 e4+ 48. Kg4 exd3 49. Bg5+ Ke6 50. Qg7 Qc5 51. Qg6+ Kd7 52. Qxd3+ Kc8 53. h6 Qg1+ 54. Qg3 Qd1+ 55. Kh4 Kb8 56. Qe3 Qh1+ 57. Kg4 Qg1+ 58. Kh5 Rg8 59. h7 Qh2+ 60. Bh4 Rh8 61. Qe4 Qd6 62. Qg6 Qf8 63. Bg3 Qf3+ 64. Kh6 Qe3+ 65. Kh5 Qf3+ 66. Kh6 Qe3+ 67. Kh5 Qf3+ 68. Kh6 Qe3+ 69. Kh5 Qf3+ 1/2-1/2

[Event "Imperia op-A 50th"]
[Site "Imperia"]
[Date "2018.09.08"]
[Round "8.12"]
[White "Valenti, Giuseppe"]
[Black "Faraci, Antonino"]
[Result "1/2-1/2"]
[WhiteElo "2036"]
[BlackElo "1892"]
[PlyCount "128"]
[EventDate "2018.09.02"]
[EventType "swiss"]
[EventRounds "9"]
[EventCountry "ITA"]
[SourceTitle "EXT 2024"]
[Source "ChessBase"]
[SourceDate "2023.10.10"]
[SourceVersion "1"]
[SourceVersionDate "2023.10.10"]
[SourceQuality "1"]

1. e4 e5 2. Nf3 Qe7 3. Nc3 c6 4. a4 Nf6 5. Bc4 h6 6. 0-0 d6 7. h3 Qc7 8. d4 Be7 9. a5 Nbd7 10. Re1 Nf8 11. b3 g5 12. dxe5 dxe5 13. Bb2 Ng6 14. Qd2 g4 15. hxg4 Bxg4 16. Qe3 Rg8 17. Nh2 Nf4 18. g3 Bh3 19. Red1 Qc8 20. Ne2 Ng6 21. Ba3 h5 22. Bxe7 Nxe7 23. Qf3 Rg6 24. Rd6 Neg8 25. Qc3 h4 26. Qxe5+ Kf8 27. Nf4 Rh6 28. Rad1 hxg3 29. fxg3 Bd7 30. Be2 Qc7 31. Qd4 Be8 32. e5 Nd5 33. Nxd5 cxd5 34. Rxh6 Nxh6 35. Qf4 Qc5+ 36. Kf1 Ng8 37. Bd3 Rc8 38. Nf3 Rc6 39. Nd4 Rh6 40. Kg2 Bd7 41. g4 Qe7 42. g5 Rh5 43. Nf3 Bh3+ 44. Kg3 Be6 45. g6 Nh6 46. gxf7 Rh3+ 47. Kg2 Bg4 48. Ng5 Nxf7 49. Nxh3 Bxd1 50. Bg6 Kg7 51. Bxf7 Qxf7 52. Qg3+ Kf8 53. Ng5 Qf5 54. e6 Qxc2+ 55. Kg1 Qc5+ 56. Kh2 Qc2+ 57. Kh3 Qxb3 58. Qxb3 Bxb3 59. Kg4 Ke7 60. Kf5 d4 61. Ke4 Bxe6 62. Kxd4 Bg8 63. Kc5 Kd7 64. Ne4 Kc7 1/2-1/2

[Event "ITA-ch qual CM"]
[Site "Alessandria"]
[Date "2018.07.26"]
[Round "6.2"]
[White "Bosi, Clint"]
[Black "Valenti, Giuseppe"]
[Result "1-0"]
[WhiteElo "2065"]
[BlackElo "2079"]
[PlyCount "67"]
[EventDate "2018.07.21"]
[EventType "swiss"]
[EventRounds "9"]
[EventCountry "ITA"]
[SourceTitle "EXT 2023"]
[Source "ChessBase"]
[SourceDate "2022.10.05"]
[SourceVersion "1"]
[SourceVersionDate "2022.10.05"]
[SourceQuality "1"]

1. f4 e5 2. fxe5 d6 3. Nf3 g5 4. e4 g4 5. Bc4 gxf3 6. Qxf3 Qh4+ 7. g3 Qe7 8. exd6 cxd6 9. 0-0 Be6 10. Bxe6 Qxe6 11. Qc3 f6 12. d4 Na6 13. d5 Qd7 14. Be3 Rc8 15. Qd2 b6 16. Nc3 Bg7 17. Rf2 Nb8 18. Ne2 Qe7 19. Nd4 h5 20. Nf5 Qc7 21. Bf4 Bf8 22. Qb4 Rd8 23. Raf1 Kf7 24. Nd4 Na6 25. Qe1 Qc4 26. Ne6 Rd7 27. b3 Qc8 28. e5 dxe5 29. Bxe5 Bc5 30. Nxc5 Nxc5 31. Bxf6 Rh7 32. Bb2+ Kg6 33. Rf6+ Nxf6 34. Rxf6+ 1-0

[Event "World Amateur-ch U2300"]
[Site "Cagliari"]
[Date "2018.04.28"]
[Round "8"]
[White "Taksrud, Vidar"]
[Black "Valenti, Giuseppe"]
[Result "0-1"]
[WhiteElo "2019"]
[BlackElo "2144"]
[PlyCount "116"]
[EventDate "2018.04.22"]
[EventType "swiss"]
[EventRounds "9"]
[EventCountry "ITA"]
[SourceTitle "CBM 184 Extra"]
[Source "ChessBase"]
[SourceDate "2018.06.28"]
[SourceVersion "1"]
[SourceVersionDate "2018.06.28"]
[SourceQuality "1"]

1. d4 Nf6 2. Nf3 e6 3. Bg5 c5 4. e3 h6 5. Bh4 cxd4 6. exd4 Be7 7. c3 d6 8. Bd3 Nbd7 9. Nbd2 a6 10. a4 b6 11. 0-0 Bb7 12. Qe2 g5 13. Bg3 g4 14. Nh4 Rg8 15. Qe3 Nd5 16. Qxh6 Bg5 17. Qh5 N7f6 18. Qxg5 Rxg5 19. Nc4 Bc6 20. Rae1 Kf8 21. Nxd6 Rh5 22. c4 Nb4 23. Nxf7 Kxf7 24. Bg6+ Kg7 25. Bxh5 Nxh5 26. Rxe6 Nxg3 27. hxg3 Bd7 28. Re4 Qf6 29. Rfe1 Rf8 30. Rf4 Qd6 31. Rfe4 Nd3 32. R1e2 Rf7 33. R4e3 Nxf2 34. Rxf2 Qxd4 35. Ree2 Qd1+ 36. Kh2 Rxf2 37. Rxf2 Qxa4 38. Rd2 Qc6 39. b3 Be6 40. Rd4 a5 41. Rf4 Qc5 42. Re4 Kf6 43. Rf4+ Kg5 44. Re4 Qd6 45. Rf4 Qd3 46. c5 bxc5 47. Ra4 Qc3 48. Re4 Bxb3 49. Rf4 Qe5 50. Rf8 a4 51. Ra8 Qd5 52. Ra6 Qe6 53. Ra5 Qd6 54. Ra7 Kf6 55. Rh7 a3 56. Rh6+ Ke5 57. Rh5+ Ke4 58. Rg5 Be6 0-1

[Event "Arco op-A 39th"]
[Site "Arco"]
[Date "2017.10.13"]
[Round "7"]
[White "Vezzosi, Paolo"]
[Black "Valenti, Giuseppe"]
[Result "1/2-1/2"]
[WhiteElo "2299"]
[BlackElo "2149"]
[PlyCount "83"]
[EventDate "2017.10.07"]
[EventType "swiss"]
[EventRounds "9"]
[EventCountry "ITA"]
[SourceTitle "CBM 181 Extra"]
[Source "ChessBase"]
[SourceDate "2017.12.12"]
[SourceVersion "1"]
[SourceVersionDate "2017.12.12"]
[SourceQuality "1"]

1. c4 e6 2. g3 Nf6 3. Bg2 d5 4. Nf3 Be7 5. 0-0 0-0 6. d4 c5 7. cxd5 exd5 8. Nc3 h6 9. dxc5 Bxc5 10. Bf4 Nc6 11. Rc1 Be6 12. Na4 Bd6 13. Bxd6 Qxd6 14. Nc5 Bc8 15. Nd4 Ne5 16. Nd3 Bd7 17. Nxe5 Qxe5 18. e3 Rac8 19. Qb3 b6 20. h3 Rfd8 21. Qa3 Qb8 22. Qd3 Rc5 23. b4 Rcc8 24. g4 Qd6 25. a3 a5 26. bxa5 bxa5 27. Rfd1 Rc5 28. Rxc5 Qxc5 29. Ne2 Bb5 30. Qc3 Rc8 31. Rc1 Qxc3 32. Rxc3 Bc4 33. Nd4 g6 34. f4 Rb8 35. Kh2 Rb2 36. Kg3 Nd7 37. Nc6 Rb5 38. e4 Nb6 39. exd5 Bxd5 40. Ne7+ Kg7 41. Nxd5 Nxd5 42. Bxd5 1/2-1/2

[Event "Arco op-A 39th"]
[Site "Arco"]
[Date "2017.10.11"]
[Round "5"]
[White "Ruecker, Benjamin"]
[Black "Valenti, Giuseppe"]
[Result "0-1"]
[WhiteElo "2261"]
[BlackElo "2149"]
[PlyCount "68"]
[EventDate "2017.10.07"]
[EventType "swiss"]
[EventRounds "9"]
[EventCountry "ITA"]
[SourceTitle "CBM 181 Extra"]
[Source "ChessBase"]
[SourceDate "2017.12.12"]
[SourceVersion "1"]
[SourceVersionDate "2017.12.12"]
[SourceQuality "1"]

1. c4 e6 2. Nf3 Nf6 3. Nc3 d5 4. d4 Be7 5. Bf4 0-0 6. e3 c5 7. dxc5 Bxc5 8. Qc2 Qa5 9. a3 Nc6 10. Rd1 Be7 11. Be2 a6 12. Nd2 Qb6 13. Nb3 dxc4 14. Bxc4 e5 15. Bg5 Bg4 16. Rd2 Be6 17. Bxe6 fxe6 18. 0-0 Rac8 19. Nc1 Na5 20. Nd3 Nc4 21. Re2 e4 22. Nf4 Rfd8 23. Qb1 Nd2 24. Qa2 Kf7 25. Rc1 h6 26. Bxf6 Bxf6 27. Ree1 Bxc3 28. bxc3 Qb3 29. Qa1 b5 30. Ne2 Nc4 31. Ng3 Nd2 32. Nf1 Rd3 33. Nxd2 Rxd2 34. a4 Ra2 0-1

[Event "Arco op-A 39th"]
[Site "Arco"]
[Date "2017.10.07"]
[Round "1"]
[White "Calcari, Manuel"]
[Black "Valenti, Giuseppe"]
[Result "0-1"]
[WhiteElo "1758"]
[BlackElo "2149"]
[PlyCount "88"]
[EventDate "2017.10.07"]
[EventType "swiss"]
[EventRounds "9"]
[EventCountry "ITA"]
[SourceTitle "CBM 181 Extra"]
[Source "ChessBase"]
[SourceDate "2017.12.12"]
[SourceVersion "1"]
[SourceVersionDate "2017.12.12"]
[SourceQuality "1"]

1. e4 e6 2. Nf3 c5 3. c3 Nf6 4. e5 Nd5 5. c4 Nc7 6. Nc3 d5 7. d4 cxd4 8. Nxd4 a6 9. Bd3 dxc4 10. Bxc4 b5 11. Be2 Bb7 12. Bf3 Bxf3 13. Nxf3 Qxd1+ 14. Nxd1 Nd5 15. 0-0 Bc5 16. Bd2 0-0 17. Rc1 Nd7 18. a3 Rfc8 19. Nc3 N7b6 20. Nxd5 Nxd5 21. b4 Bb6 22. Ng5 Bd4 23. Nf3 Bb2 24. Rb1 Rc2 25. Bc1 Bc3 26. g3 h6 27. Ne1 Re2 28. f4 Rxe1 29. Rxe1 Bxe1 30. Bb2 Bc3 31. Bxc3 Nxc3 32. Rb3 Nd5 33. Kf2 Rc8 34. Rb2 Rc3 35. Ra2 Kf8 36. Ke2 Ke7 37. a4 Nxb4 38. Ra1 Nc2 39. Ra2 b4 40. Rb2 a5 41. Kd2 Na3 42. Ra2 Nc4+ 43. Ke2 b3 44. Ra1 b2 0-1

[Event "Forni di Sopra op 8th"]
[Site "Forni di Sopra"]
[Date "2017.06.10"]
[Round "1"]
[White "Valenti, Giuseppe"]
[Black "Henderson de la Fuente, Lance"]
[Result "0-1"]
[WhiteElo "2128"]
[BlackElo "2365"]
[PlyCount "48"]
[EventDate "2017.06.10"]
[EventType "swiss"]
[EventRounds "9"]
[EventCountry "ITA"]
[SourceTitle "CBM 179 Extra"]
[Source "ChessBase"]
[SourceDate "2017.08.23"]
[SourceVersion "1"]
[SourceVersionDate "2017.08.23"]
[SourceQuality "1"]

1. e4 c5 2. Nf3 e6 3. d4 cxd4 4. Nxd4 Nc6 5. Nc3 Qc7 6. g3 a6 7. Bg2 Nf6 8. 0-0 Be7 9. Re1 d6 10. Nxc6 bxc6 11. e5 dxe5 12. Rxe5 0-0 13. Bf4 Qa7 14. Bxc6 Bb7 15. Bxb7 Qxb7 16. Rb1 Rfd8 17. Qe2 Bd6 18. Re3 Bxf4 19. gxf4 Rac8 20. Rd3 g6 21. Rbd1 Rxd3 22. cxd3 Nh5 23. Qd2 Rxc3 24. bxc3 Qf3 0-1